000 00342nam a22001457a 4500
008 230531b ||||| |||| 00| 0 eng d
020 _a9780134628325
041 _aeng
080 _2TWELFTH EDITION
_a159.9
082 _a159.9HUT
100 _a25
101 _aPSI
245 _aESSENTIALS OF HUMAN ANATOMY
_cMARIEB.N.E
942 _2udc
_cBK
999 _c59891
_d59891